Countries Closest to Cook Islands A-Z - Statistics

General Stats
  • This quiz has been taken 191 times
  • The average score is 17 of 24
Answer Stats
letter country % Correct
A Australia
96%
N Niue (New Zealand 2nd)
95%
T Tonga
89%
S Samoa
88%
V Vanuatu
87%
F Fiji
86%
I Indonesia
86%
Q Qatar
85%
K Kiribati
84%
O Oman
83%
Y Yemen
83%
Z Zimbabwe
83%
J Japan
81%
M Marshall Islands
79%
P Papua New Guinea
75%
L Laos
73%
U United States
73%
E East Timor
66%
R Russia
59%
H Honduras
57%
D Dominican Republic
38%
G Guatemala
38%
C Canada
37%
B Belize
28%
No matching quizzes found
Score Distribution
Percent of People with Each Score
Percentile by Number Answered
Your Score History
You have not taken this quiz